00333nam a2200109Ia 45000010005000000080041000050200022000460820020000681000011000882450103000992600021002022979241024s9999 xx 000 0 und d a978-9945-8859-0-3 aRD/370.71/ID19m aIDEICE 0aModelo de evaluación del desempeño docente basado en competencias en la República Dominicana bCentenarioc2012